| 000 | 00509nam a2200169 4500 | ||
|---|---|---|---|
| 010 | _aENG-143457 | ||
| 020 |
_a9789391109974 _c995.00 |
||
| 035 | _aEN-126989 | ||
| 037 | _bDBAD | ||
| 082 | _a910.41 | ||
| 100 |
_aPhool Kumar _976860 |
||
| 245 |
_aTourism in Uttarakhand / _cby Phool Kumar |
||
| 260 |
_aNew Delhi _bThe Readers Paradise _c2021 |
||
| 270 |
_bNew Delhi _a103,4787/23, Ansari Road Darya Ganj, _e110002 |
||
| 300 |
_a349p.: _c24cm(Hb) _billus. |
||
| 942 |
_2ddc _cEN _h910.41 _mPHO |
||
| 999 |
_c208673 _d208673 |
||